Štruktúra zamestnaneckých výhod a ich využiteľnosť pracovníkmi podniku diplomová práca

Uložené v:
Podrobná bibliografia
Hlavný autor: Danielisová, Alica
Korporativný autor: Fakulta podnikového manažmentu EU. Katedra manažmentu
Ďalší autori: Gálik, Rudolf
Médium: Kniha
Jazyk:Slovak
Vydavateľské údaje: Bratislava 2015
Tagy: Pridať tag
Žiadne tagy, Buďte prvý, kto otaguje tento záznam!

MARC

LEADER 00000nbm a2200000 4500
001 0201248
005 20161212101124.7
041 0 |a slo 
044 |a SK 
245 1 0 |a Štruktúra zamestnaneckých výhod a ich využiteľnosť pracovníkmi podniku  |b diplomová práca  |c Alica Danielisová ; školiteľ: Rudolf Gálik 
264 1 |a Bratislava  |c 2015 
300 |a 73 s. 
100 1 |a Danielisová, Alica 
700 1 |a Gálik, Rudolf 
710 2 |a Fakulta podnikového manažmentu EU. Katedra manažmentu